000 00762nam a2200277Ia 4500
008 170203s9999 xx 000 0 und d
020 _a9781400310487
050 _aFic
050 _bL931c
100 _aLucado, Max.
245 2 _aA Max Lucado Children's treasury :
245 _ba child's first collection /
260 _aNashville, Tenn. :
260 _bThomas Nelson,
260 _c2007
300 _a1 volume (unpaged) :
300 _bcolor illustrations ;
300 _c29 cm
650 _aChildren -- Conduct of life --
650 _aChildren's stories, American.
650 _aChristian life --
650 _aConduct of life --
650 _xJuvenile fiction.
650 _xJuvenile fiction.
650 _xJuvenile fiction.
999 _c306613
_d306613